000
00232 a2200085 4500
020
_a
9788189995751
100
_a
Yatin Pandya
245
_a
Concepts of Space in Traditional Indian Architecture
260
_b
Mapin Publishing Pvt.Ltd
_c
2023
999
_c
13361
_d
13361